000 00787nam a22002537a 4500
005 20170124110208.0
010 _aA-408484
020 _c55.00
_a0876924127
035 _aA-408484
037 _bCen Lib/Ret
040 _aDPL
_bEN
082 _a620.01
_bMIL
100 _aMiller, Irwin
_937642
245 _aProbability and statistics for engineers /
_cby Irwin Miller [and] John E. Freund
250 _a3rd ed.
260 _aNew Delhi
_bPrentice Hall of India
_c1985
270 _bNew Delhi
_aM-97, connaught circus
_e110001
300 _ax, 529p.
_c21cm(Hb)
500 _aIncludes index
650 _aEngineering -- Statistical methods
_972953
650 _aProbabilities
_920419
700 _aFreund, John E.
_937645
942 _2ddc
_cEN
_h620.01
_mMIL
999 _c133338
_d133338